令和2年国勢調査で人口集中地区が消滅した市町村 - Statistics

General Stats
  • This quiz has been taken 22 times
  • The average score is 8 of 17
Answer Stats
都道府県 回答 % Correct
青森県 平川市
72%
青森県 野辺地町
61%
岩手県 大船渡市
61%
秋田県 にかほ市
61%
長野県 大町市
61%
静岡県 下田市
61%
岡山県 新見市
61%
高知県 安芸市
61%
京都府 京丹後市
56%
長野県 小諸市
44%
長野県 東御市
44%
沖縄県 金武町
33%
北海道 白老町
28%
福島県 桑折町
28%
長崎県 川棚町
28%
北海道 斜里町
17%
福岡県 鞍手町
17%
No matching quizzes found
Score Distribution
Percent of People with Each Score
Percentile by Number Answered
Your Score History
You have not taken this quiz